000 00320nam a2200121Ia 4500
008 240624s9999 xx 000 0 und d
041 _aeng
082 _a658.4 MIL
100 _aMILES RAYMOND E
245 _aORGANIZATIONAL STRATEGY STRUCTURE AND PR
260 _c2003
_aCalifornia
_bStanford Business Books
365 _cRS
999 _c27679
_d27679